[Event "56th Capablanca Mem Elite"]
[Site "Havana CUB"]
[Date "2023.05.07"]
[Round "5.5"]
[White "Sadhwani, Raunak"]
[Black "Almeida Quintana, Omar"]
[Result "1-0"]
[WhiteTitle "GM"]
[BlackTitle "GM"]
[WhiteElo "2627"]
[BlackElo "2526"]
[WhiteFideId "35093487"]
[BlackFideId "3503313"]
[EventDate "2023.05.03"]

1. e4 g6 2. d4 Bg7 3. Nc3 d6 4. Be3 a6 5. h4 h5 6. Nh3 Nf6 7. f3 Bxh3 8. Rxh3
Nc6 9. Nd5 e6 10. Nxf6+ Bxf6 11. g3 d5 12. e5 Bg7 13. Bg5 Ne7 14. b4 Bh6 15. Bf6
Rh7 16. Bd3 Qd7 17. a4 Ng8 18. Bg5 Bxg5 19. hxg5 Ne7 20. Qd2 Nc6 21. c3 Ne7 22.
Kf2 O-O-O 23. a5 c6 24. Rah1 Rdh8 25. R1h2 Kd8 26. Qc1 Ke8 27. g4 h4 28. Qh1 Kf8
29. f4 Qc8 30. Ke3 Qd7 31. Qe1 Kg7 32. Kf2 Kf8 33. Kg2 Qc8 34. Kh1 Qd7 35. Qf1
Ke8 36. Rf2 Rg7 37. Rfh2 Rgh7 38. Qf2 Kf8 39. Rf3 Ke8 40. f5 exf5 41. gxf5 gxf5
42. Bxf5 Nxf5 43. Rxf5 h3 44. Qf3 Rg8 45. Rf2 Rg6 46. Kh2 Kf8 1-0

[Event "56th Capablanca Mem Elite"]
[Site "Havana CUB"]
[Date "2023.05.09"]
[Round "6.1"]
[White "Albornoz Cabrera, Carlos Daniel"]
[Black "Almeida Quintana, Omar"]
[Result "1-0"]
[WhiteTitle "GM"]
[BlackTitle "GM"]
[WhiteElo "2586"]
[BlackElo "2526"]
[WhiteFideId "3518736"]
[BlackFideId "3503313"]
[EventDate "2023.05.03"]

1. e4 d5 2. exd5 Qxd5 3. Nc3 Qd6 4. d4 Nf6 5. Nf3 g6 6. Nb5 Qb6 7. Bf4 Na6 8. a4
Nd5 9. Be5 f6 10. Bg3 c6 11. a5 Qd8 12. Nc3 Nxc3 13. bxc3 Nc7 14. Bxc7 Qxc7 15.
Bc4 Bh6 16. O-O Bf4 17. Qe2 Bd6 18. Rfe1 Kf8 19. Be6 Kg7 20. Qc4 Bd7 21. Bxd7
Qxd7 22. Re6 Rac8 23. h4 Rhf8 24. Rae1 Kh8 25. Qa4 b5 26. axb6 axb6 27. c4 Ra8
28. Qb3 Ra1 29. Rxe7 Rxe1+ 30. Rxe1 Bc7 31. Qe3 Kg7 32. h5 g5 33. Qe4 Bd6 34. d5
cxd5 35. Qxd5 Rd8 36. Nd4 Kh6 37. Nf5+ Kxh5 38. Rd1 1-0

[Event "56th Capablanca Mem Elite"]
[Site "Havana CUB"]
[Date "2023.05.09"]
[Round "6.2"]
[White "Miranda Mesa, Elier"]
[Black "Sadhwani, Raunak"]
[Result "1/2-1/2"]
[WhiteTitle "GM"]
[BlackTitle "GM"]
[WhiteElo "2515"]
[BlackElo "2627"]
[WhiteFideId "3510697"]
[BlackFideId "35093487"]
[EventDate "2023.05.03"]

1. e4 c5 2. Nf3 e6 3. d4 cxd4 4. Nxd4 Nc6 5. Nc3 a6 6. Be2 Qc7 7. O-O Nf6 8. Kh1
Be7 9. f4 d6 10. Be3 O-O 11. Qe1 Nxd4 12. Bxd4 b5 13. Qg3 Bb7 14. a3 Rad8 15.
Rae1 Ne8 16. Bd3 Bf6 17. e5 dxe5 18. Bxe5 Qb6 19. Ne4 Bxe4 20. Rxe4 g6 21. a4
Bxe5 22. fxe5 bxa4 23. Qg5 Ng7 24. Rh4 Rd4 25. Rh3 h5 26. Rhf3 Rg4 27. Qh6 Qd8
28. h3 Qh4 29. Kg1 Qg5 30. Qxg5 Rxg5 31. Rf4 a5 32. Rxa4 Rxe5 33. Rfa1 Rb8 34.
b3 Rd5 35. Rxa5 Rdd8 36. Ra7 Nf5 37. Rc7 Rxd3 38. cxd3 Rxb3 39. Ra8+ Kg7 40.
Raa7 Nh6 41. Rd7 h4 42. Rab7 Ra3 43. Ra7 Rb3 44. Rab7 1/2-1/2

[Event "56th Capablanca Mem Elite"]
[Site "Havana CUB"]
[Date "2023.05.09"]
[Round "6.3"]
[White "Fier, Alexandr"]
[Black "Svane, Rasmus"]
[Result "1/2-1/2"]
[WhiteTitle "GM"]
[BlackTitle "GM"]
[WhiteElo "2599"]
[BlackElo "2621"]
[WhiteFideId "2107139"]
[BlackFideId "4657101"]
[EventDate "2023.05.03"]

1. e4 e5 2. Nf3 Nc6 3. Bc4 Nf6 4. d3 Bc5 5. O-O d6 6. c3 h6 7. Re1 O-O 8. Nbd2
a5 9. Nf1 a4 10. Ng3 Ra5 11. a3 Bb6 12. Be3 Bxe3 13. fxe3 Be6 14. Bxe6 fxe6 15.
d4 Qe8 16. Qc2 Qg6 17. Re2 d5 18. exd5 Qxc2 19. Rxc2 1/2-1/2

[Event "56th Capablanca Mem Elite"]
[Site "Havana CUB"]
[Date "2023.05.09"]
[Round "6.4"]
[White "Quesada Perez, Luis Ernesto"]
[Black "Martinez Duany, Lelys Stanley"]
[Result "1-0"]
[WhiteTitle "GM"]
[BlackTitle "GM"]
[WhiteElo "2562"]
[BlackElo "2531"]
[WhiteFideId "3520773"]
[BlackFideId "3504727"]
[EventDate "2023.05.03"]

1. d4 Nf6 2. c4 c5 3. d5 g6 4. Nc3 Bg7 5. e4 d6 6. f3 O-O 7. Bg5 e6 8. Qd2 exd5
9. cxd5 Na6 10. Nge2 Bd7 11. Ng3 Re8 12. Be2 Rb8 13. O-O b5 14. a4 Nc7 15. Bf4
b4 16. Nd1 Bc8 17. Ne3 Rb6 18. Nc4 Ra6 19. Kh1 h5 20. Bg5 Qd7 21. Rfe1 Nh7 22.
Bh6 Bh8 23. Bd3 h4 24. Nf1 h3 25. g4 Rd8 26. Bf4 Bb7 27. Qf2 Ne8 28. a5 Nc7 29.
Nfd2 Nb5 30. Nb3 Nd4 31. Nxd4 Bxd4 32. Qh4 Bf6 33. Qxh3 Ng5 34. Qf1 Kg7 35. h4
Rh8 36. Bg3 Nxe4 37. Bxe4 Bxh4 38. Bxh4 Rxh4+ 39. Kg2 f5 40. Qf2 Rh6 41. Bd3
Bxd5 42. Ne3 Ba8 43. gxf5 Rc6 44. Ng4 1-0

[Event "56th Capablanca Mem Elite"]
[Site "Havana CUB"]
[Date "2023.05.10"]
[Round "7.1"]
[White "Bjerre, Jonas Buhl"]
[Black "Albornoz Cabrera, Carlos Daniel"]
[Result "1-0"]
[WhiteTitle "GM"]
[BlackTitle "GM"]
[WhiteElo "2606"]
[BlackElo "2586"]
[WhiteFideId "1444948"]
[BlackFideId "3518736"]
[EventDate "2023.05.03"]

1. e4 c5 2. Nf3 d6 3. d4 cxd4 4. Nxd4 Nf6 5. Nc3 a6 6. Be3 e5 7. Nb3 Be7 8. Rg1
h5 9. h3 Be6 10. Qf3 h4 11. O-O-O Nbd7 12. Kb1 Rc8 13. Nd5 Bxd5 14. exd5 Nb6 15.
g3 Qc7 16. c3 Nc4 17. Bxc4 Qxc4 18. g4 Qe4+ 19. Qxe4 Nxe4 20. Na5 Bd8 21. Nb3
Bg5 22. Nd2 Nxd2+ 23. Rxd2 f6 24. Kc2 Kd7 25. Kd3 b5 26. b3 Rc7 27. Rc2 Rhc8 28.
Rgc1 g6 29. Rf1 Re8 30. f4 exf4 31. Bxf4 Rc5 32. c4 bxc4+ 33. bxc4 Ra5 34. Bxg5
fxg5 35. Rb2 Ra3+ 36. Rb3 Rxa2 37. Rf7+ Kc8 38. Rb6 Rd8 39. Ra7 Rh2 40. c5 dxc5
41. d6 c4+ 42. Ke4 1-0

[Event "56th Capablanca Mem Elite"]
[Site "Havana CUB"]
[Date "2023.05.10"]
[Round "7.2"]
[White "Martinez Duany, Lelys Stanley"]
[Black "Iturrizaga Bonelli, Eduardo"]
[Result "0-1"]
[WhiteTitle "GM"]
[BlackTitle "GM"]
[WhiteElo "2531"]
[BlackElo "2637"]
[WhiteFideId "3504727"]
[BlackFideId "3901211"]
[EventDate "2023.05.03"]

1. e4 c5 2. Nf3 Nc6 3. Bb5 g6 4. O-O Bg7 5. Re1 e5 6. Bxc6 dxc6 7. d3 Qe7 8. a4
Nf6 9. a5 Nh5 10. Bg5 f6 11. Be3 Nf4 12. Nbd2 Be6 13. b3 O-O 14. Qc1 Rfd8 15.
Qa3 Bf8 16. Kh1 g5 17. Nc4 Bg4 18. Ng1 Ne6 19. Ne2 Bh5 20. Ng3 Bg6 21. Nf5 Bxf5
22. exf5 Nd4 23. Bxd4 Rxd4 24. Re4 Qd7 25. Ne3 c4 26. Qc1 cxd3 27. cxd3 Rxd3 28.
h4 h6 29. Qc4+ Kg7 30. g3 Rd8 31. hxg5 hxg5 32. Kg2 Rd4 33. Qc2 c5 34. Kg1 Qc6
35. Rxd4 cxd4 36. Nc4 Bb4 37. Qe2 Rh8 38. f3 g4 39. Nxe5 fxe5 40. Qxe5+ Qf6 41.
Qc7+ Qe7 42. f6+ Kxf6 43. Qf4+ Kg6 44. Qxg4+ Qg5 45. Qe4+ Qf5 46. Qxb7 Bd6 47.
Re1 d3 48. f4 d2 49. Rd1 Bc5+ 50. Kg2 Qh3+ 0-1

[Event "56th Capablanca Mem Elite"]
[Site "Havana CUB"]
[Date "2023.05.10"]
[Round "7.3"]
[White "Svane, Rasmus"]
[Black "Quesada Perez, Luis Ernesto"]
[Result "1/2-1/2"]
[WhiteTitle "GM"]
[BlackTitle "GM"]
[WhiteElo "2621"]
[BlackElo "2562"]
[WhiteFideId "4657101"]
[BlackFideId "3520773"]
[EventDate "2023.05.03"]

1. c4 Nf6 2. Nc3 c5 3. Nf3 Nc6 4. e3 g6 5. d4 cxd4 6. exd4 d5 7. cxd5 Nxd5 8.
Qb3 Nxc3 9. Bc4 e6 10. bxc3 Bg7 11. Ba3 Bf8 12. Bc1 Bg7 13. Ba3 Bf8 14. Bxf8
Kxf8 15. h4 h6 16. O-O b6 17. Be2 Bb7 18. Rad1 Kg7 19. Qb2 Qf6 20. Rd3 e5 21.
dxe5 Nxe5 22. Nxe5 Qxe5 23. Re3 Qf6 24. Bf3 Rab8 25. h5 g5 26. Bxb7 Rxb7 27. f4
g4 28. Qe2 Qh4 29. f5 Rg8 30. f6+ Kh7 1/2-1/2

[Event "56th Capablanca Mem Elite"]
[Site "Havana CUB"]
[Date "2023.05.10"]
[Round "7.4"]
[White "Sadhwani, Raunak"]
[Black "Fier, Alexandr"]
[Result "0-1"]
[WhiteTitle "GM"]
[BlackTitle "GM"]
[WhiteElo "2627"]
[BlackElo "2599"]
[WhiteFideId "35093487"]
[BlackFideId "2107139"]
[EventDate "2023.05.03"]

1. d4 d5 2. c4 e6 3. Nc3 Bb4 4. e3 Nf6 5. a3 Bxc3+ 6. bxc3 c6 7. Bd3 O-O 8. Ne2
b6 9. O-O Ba6 10. cxd5 Bxd3 11. Qxd3 cxd5 12. f3 Nc6 13. e4 Qd7 14. e5 Ne8 15.
Bg5 Na5 16. f4 f5 17. exf6 Nxf6 18. Bxf6 Rxf6 19. Rf3 Raf8 20. Rh3 g6 21. a4 Nc4
22. Rf3 a5 23. h4 b5 24. axb5 Qxb5 25. h5 Qb2 26. Rd1 a4 27. hxg6 hxg6 28. Rg3
Kg7 29. f5 Rxf5 30. Nf4 Kf7 31. Rb1 a3 32. Rxg6 Rxf4 33. Rxb2 axb2 34. Rh6 Ke7
35. Kh2 R4f6 36. Rh5 Nd2 37. c4 b1=Q 38. Qa3+ Kf7 0-1

[Event "56th Capablanca Mem Elite"]
[Site "Havana CUB"]
[Date "2023.05.11"]
[Round "8.1"]
[White "Albornoz Cabrera, Carlos Daniel"]
[Black "Miranda Mesa, Elier"]
[Result "1-0"]
[WhiteTitle "GM"]
[BlackTitle "GM"]
[WhiteElo "2586"]
[BlackElo "2515"]
[WhiteFideId "3518736"]
[BlackFideId "3510697"]
[EventDate "2023.05.03"]

1. e4 c6 2. d4 d5 3. e5 c5 4. Nf3 cxd4 5. Qxd4 Nc6 6. Qf4 e6 7. Bd3 Nb4 8. Bd2
Qb6 9. Nc3 Nxd3+ 10. cxd3 Bd7 11. O-O Nh6 12. a4 Be7 13. Ne2 Qa6 14. Bb4 Qxd3
15. Bxe7 Qxe2 16. Ba3 Nf5 17. Qb4 O-O-O 18. Ng5 Qh5 19. Nf3 Kb8 20. Qa5 b6 21.
Qd2 Qh6 22. Qb4 Rc8 23. b3 Kb7 24. a5 g5 25. axb6 axb6 26. Nd4 Nxd4 27. Qxd4 Qg6
28. Rfe1 Rc2 29. Bc1 Rhc8 30. Be3 R8c5 31. Qb4 Qd3 32. Bxc5 Rxc5 33. Qa3 1-0

[Event "56th Capablanca Mem Elite"]
[Site "Havana CUB"]
[Date "2023.05.11"]
[Round "8.2"]
[White "Fier, Alexandr"]
[Black "Almeida Quintana, Omar"]
[Result "1/2-1/2"]
[WhiteTitle "GM"]
[BlackTitle "GM"]
[WhiteElo "2599"]
[BlackElo "2526"]
[WhiteFideId "2107139"]
[BlackFideId "3503313"]
[EventDate "2023.05.03"]

1. e4 g6 2. d4 Bg7 3. Nc3 d6 4. Be3 a6 5. Qd2 b5 6. O-O-O Bb7 7. f3 Nd7 8. h4 h6
9. Nh3 e6 10. g4 Nb6 11. a3 Ne7 12. Kb1 Qd7 13. Qe1 O-O-O 14. g5 h5 15. Nf4 Kb8
16. d5 exd5 17. Bxb6 Bxc3 18. Qxc3 cxb6 19. exd5 Rhe8 20. Bh3 Qc7 21. Qf6 Bc8
22. Bxc8 Rxc8 23. Rd2 Ng8 24. Qg7 Ne7 25. Qf6 Ng8 26. Qg7 1/2-1/2

[Event "56th Capablanca Mem Elite"]
[Site "Havana CUB"]
[Date "2023.05.11"]
[Round "8.3"]
[White "Quesada Perez, Luis Ernesto"]
[Black "Sadhwani, Raunak"]
[Result "1-0"]
[WhiteTitle "GM"]
[BlackTitle "GM"]
[WhiteElo "2562"]
[BlackElo "2627"]
[WhiteFideId "3520773"]
[BlackFideId "35093487"]
[EventDate "2023.05.03"]

1. c4 e5 2. Nc3 d6 3. d4 exd4 4. Qxd4 Nc6 5. Qd2 Nf6 6. e4 a5 7. Nge2 a4 8. Rb1
g6 9. Nf4 Bg7 10. Be2 O-O 11. O-O Nd7 12. b4 axb3 13. axb3 Nd4 14. Bd1 Nc5 15.
b4 Nce6 16. Nfd5 f5 17. exf5 Nxf5 18. b5 c6 19. Nb4 Qh4 20. Ne2 Qxc4 21. bxc6
bxc6 22. Bb3 Qc5 23. Bb2 Bh6 24. Qc3 Qxc3 25. Bxc3 c5 26. Nd5 Ra3 27. g4 Nh4 28.
Ne7+ 1-0

[Event "56th Capablanca Mem Elite"]
[Site "Havana CUB"]
[Date "2023.05.11"]
[Round "8.4"]
[White "Iturrizaga Bonelli, Eduardo"]
[Black "Svane, Rasmus"]
[Result "1/2-1/2"]
[WhiteTitle "GM"]
[BlackTitle "GM"]
[WhiteElo "2637"]
[BlackElo "2621"]
[WhiteFideId "3901211"]
[BlackFideId "4657101"]
[EventDate "2023.05.03"]

1. d4 Nf6 2. c4 e6 3. Nf3 d5 4. Nc3 Be7 5. Bg5 h6 6. Bh4 dxc4 7. e3 c5 8. Bxc4
cxd4 9. Nxd4 Bd7 10. O-O Nc6 11. Nb3 O-O 12. Rc1 Rc8 13. Be2 Nd5 14. Bxe7 Ncxe7
15. Nxd5 Nxd5 16. Bf3 Bb5 17. Rxc8 1/2-1/2

[Event "56th Capablanca Mem Elite"]
[Site "Havana CUB"]
[Date "2023.05.11"]
[Round "8.5"]
[White "Bjerre, Jonas Buhl"]
[Black "Martinez Duany, Lelys Stanley"]
[Result "1/2-1/2"]
[WhiteTitle "GM"]
[BlackTitle "GM"]
[WhiteElo "2606"]
[BlackElo "2531"]
[WhiteFideId "1444948"]
[BlackFideId "3504727"]
[EventDate "2023.05.03"]

1. e4 c5 2. Nf3 Nc6 3. Nc3 g6 4. d4 cxd4 5. Nxd4 Bg7 6. Be3 Nf6 7. Bc4 O-O 8.
Bb3 d6 9. f3 Bd7 10. h4 a5 11. a4 Nxd4 12. Bxd4 Be6 13. h5 Bxb3 14. cxb3 Nxh5
15. Bxg7 Kxg7 16. Qd2 Rg8 17. O-O-O 1/2-1/2

[Event "56th Capablanca Mem Elite"]
[Site "Havana CUB"]
[Date "2023.05.12"]
[Round "9.1"]
[White "Martinez Duany, Lelys Stanley"]
[Black "Albornoz Cabrera, Carlos Daniel"]
[Result "1/2-1/2"]
[WhiteTitle "GM"]
[BlackTitle "GM"]
[WhiteElo "2531"]
[BlackElo "2586"]
[WhiteFideId "3504727"]
[BlackFideId "3518736"]
[EventDate "2023.05.03"]

1. e4 c5 2. Nf3 d6 3. c3 Nf6 4. Bd3 Nc6 5. Bc2 Bg4 6. d3 e6 7. h3 Bh5 8. Be3 d5
9. Nbd2 Be7 10. O-O Qc7 11. Qb1 O-O-O 12. b4 Rhg8 13. b5 Nb8 14. e5 Nfd7 15. d4
g5 16. g4 Bg6 17. c4 cxd4 18. Bxd4 Nc5 19. Bxg6 fxg6 20. Rc1 Rgf8 21. a4 dxc4
22. Rxc4 b6 23. a5 Qb7 24. Ra3 Nd7 25. axb6 axb6 26. Qa2 Qd5 27. Ra8+ Kc7 28.
Ra7+ Kb8 29. Bxc5 Bxc5 30. Rca4 Qxa2 31. Rxa2 Kc8 32. Kg2 Rf4 33. Nb3 h6 34.
Ra8+ Nb8 35. R2a7 Bxf2 36. Kxf2 Rd3 37. Nd4 Rdxd4 38. Rg7 Rd3 39. Rg8+ Kb7 1/2-1/2

[Event "56th Capablanca Mem Elite"]
[Site "Havana CUB"]
[Date "2023.05.12"]
[Round "9.2"]
[White "Svane, Rasmus"]
[Black "Bjerre, Jonas Buhl"]
[Result "0-1"]
[WhiteTitle "GM"]
[BlackTitle "GM"]
[WhiteElo "2621"]
[BlackElo "2606"]
[WhiteFideId "4657101"]
[BlackFideId "1444948"]
[EventDate "2023.05.03"]

1. e4 c5 2. Nf3 d6 3. Bb5+ Bd7 4. c4 Nf6 5. Nc3 g6 6. Bxd7+ Qxd7 7. d4 cxd4 8.
Qxd4 Bg7 9. O-O O-O 10. Qd3 Rc8 11. Bd2 Na6 12. Qe2 Qc6 13. b3 Nc5 14. Rae1 e6
15. e5 Ne8 16. Rd1 a6 17. exd6 Nxd6 18. Ne5 Qe8 19. Bf4 Rd8 20. Ng4 Nf5 21. Be5
Qf8 22. Nf6+ Kh8 23. b4 Qe7 24. bxc5 Bxf6 25. g4 Bxe5 26. Qxe5+ f6 27. Qe4 Nh4
28. Nd5 Qd7 29. g5 fxg5 30. Qe5+ Qg7 31. Qxg7+ Kxg7 32. Nc7 Rxd1 33. Rxd1 Rc8
34. Nxe6+ Kf6 35. Rd6 Nf5 36. Rb6 Rc6 37. Nc7 Rxb6 38. cxb6 Ne7 39. Kg2 Ke5 40.
Kf3 Kd6 41. Ke4 Kc5 42. Ke5 g4 43. Ke6 Nc8 44. Nxa6+ Kxc4 45. Nc7 Nxb6 46. Ne8
Na4 47. Nd6+ Kd3 48. Ke5 Ke2 49. Kf4 h5 50. Kg3 Nc5 51. h3 gxh3 52. f4 Ke3 53.
Nc4+ Ke4 54. Nd6+ Kd5 55. Nc8 Ke6 56. Kxh3 Na4 57. Kh4 Kd7 58. Na7 Nc3 59. Kg5
Ne4+ 60. Kh4 Nd6 61. a4 Ke6 62. Kg5 Kf7 63. f5 gxf5 64. a5 Ke6 65. a6 bxa6 66.
Nc6 Nf7+ 67. Kxh5 Kd6 68. Na5 Kd5 69. Kh4 f4 70. Kh3 Ne5 71. Kg2 Kd4 72. Kf2 Kc3
73. Nb7 Kb4 74. Nd8 a5 75. Ne6 f3 76. Ke3 a4 77. Nd4 Kc3 78. Ke4 f2 79. Ne2+ Kd2 0-1

[Event "56th Capablanca Mem Elite"]
[Site "Havana CUB"]
[Date "2023.05.12"]
[Round "9.4"]
[White "Almeida Quintana, Omar"]
[Black "Quesada Perez, Luis Ernesto"]
[Result "1/2-1/2"]
[WhiteTitle "GM"]
[BlackTitle "GM"]
[WhiteElo "2526"]
[BlackElo "2562"]
[WhiteFideId "3503313"]
[BlackFideId "3520773"]
[EventDate "2023.05.03"]

1. d4 Nf6 2. Nf3 e6 3. Bf4 c5 4. e3 cxd4 5. exd4 b6 6. Nbd2 Bb7 7. h3 Be7 8. Bd3
O-O 9. O-O d6 10. Bh2 Nc6 11. c3 Qc7 12. Re1 Rfe8 13. a4 h6 14. Nc4 Bf8 15. Qb3
Rab8 16. Ne3 Ne7 17. Nd2 Ned5 18. Nxd5 Bxd5 19. Bc4 Bb7 20. Bb5 Rec8 21. Qc4 Qd8
22. Qe2 Ra8 23. Bd3 a6 24. Bg3 Qd7 25. Bh4 Qc6 26. f3 Nh5 27. Qe4 Qxe4 28. fxe4
Rab8 29. Bf2 Nf6 30. Bg3 Rc6 31. Re2 Nd7 32. Rf1 Re8 33. Ref2 f6 34. Nc4 e5 35.
Ne3 Rec8 36. h4 Kf7 37. h5 Ke8 38. Nf5 Rc4 39. Ra1 R4c7 40. Re2 Rb8 41. Kf2 Bc8
42. Rc2 b5 43. axb5 axb5 44. b4 Kd8 45. Ne3 Nb6 1/2-1/2

[Event "56th Capablanca Mem Elite"]
[Site "Havana CUB"]
[Date "2023.05.12"]
[Round "9.5"]
[White "Miranda Mesa, Elier"]
[Black "Fier, Alexandr"]
[Result "1/2-1/2"]
[WhiteTitle "GM"]
[BlackTitle "GM"]
[WhiteElo "2515"]
[BlackElo "2599"]
[WhiteFideId "3510697"]
[BlackFideId "2107139"]
[EventDate "2023.05.03"]

1. e4 c5 2. Nc3 Nc6 3. Bb5 Nd4 4. Bc4 a6 5. a4 e6 6. Nge2 Nf6 7. O-O d5 8. exd5
exd5 9. Ba2 Bd6 10. d3 Ne6 11. Kh1 1/2-1/2